Genetic analysis: an integrated approach. (Record no. 164635)
[ view plain ]
| 000 -LEADER | |
|---|---|
| fixed length control field | 00587nam a2200205Ia 4500 |
| 003 - CONTROL NUMBER IDENTIFIER | |
| control field | OSt |
| 005 - DATE AND TIME OF LATEST TRANSACTION | |
| control field | 20230511143505.0 |
| 008 - FIXED-LENGTH DATA ELEMENTS--GENERAL INFORMATION | |
| fixed length control field | 210423s2012 xx 000 0 und d |
| 020 ## - INTERNATIONAL STANDARD BOOK NUMBER | |
| International Standard Book Number | 9780321818461 |
| 040 ## - CATALOGING SOURCE | |
| Transcribing agency | AL |
| 041 ## - LANGUAGE CODE | |
| Language code of text/sound track or separate title | eng |
| 082 ## - DEWEY DECIMAL CLASSIFICATION NUMBER | |
| Classification number | 574.87322 SANM |
| Edition number | 23 |
| 100 ## - MAIN ENTRY--PERSONAL NAME | |
| Personal name | SANDERS (Mark F);BOWMAN (John L). |
| 9 (RLIN) | 103262 |
| 245 ## - TITLE STATEMENT | |
| Title | Genetic analysis: an integrated approach. |
| 260 ## - PUBLICATION, DISTRIBUTION, ETC. | |
| Place of publication, distribution, etc. | Boston |
| Name of publisher, distributor, etc. | Benjamin Cummings Publishing Company |
| Date of publication, distribution, etc. | 2012 |
| 300 ## - PHYSICAL DESCRIPTION | |
| Extent | xxii,768 |
| Other physical details | HB |
| 365 ## - TRADE PRICE | |
| Price amount | 2655 |
| Currency code | INR |
| 906 ## - LOCAL DATA ELEMENT F, LDF (RLIN) | |
| a | an ; analysis: ; approach. ; Genetic ; integrated |
| 942 ## - ADDED ENTRY ELEMENTS (KOHA) | |
| Source of classification or shelving scheme | Dewey Decimal Classification |
| Koha item type | Book |
| Withdrawn status | Lost status | Damaged status | Not for loan | Collection code | Home library | Current library | Date acquired | Source of acquisition | Cost, normal purchase price | Total Checkouts | Full call number | Barcode | Date last seen | Date last checked out | Price effective from | Koha item type |
|---|---|---|---|---|---|---|---|---|---|---|---|---|---|---|---|---|
| Bio Technology | St Aloysius PG Library | St Aloysius PG Library | 09/03/2012 | Athulya Books | 2655.00 | 1 | 574.87322 SANM | PG011133 | 02/16/2026 | 01/05/2026 | 04/26/2021 | Book |